000 00742nam a2200289Ia 4500
005 20260324133918.0
008 008 260324s9999 xx 000 0 eng d
020 _a9780429480942
037 _aEBOOK
040 _aCRL
040 _beng
040 _cCRL
041 _2eng
041 _aeng
084 _qCRL
100 _aJean Arundale; Paul ((Psychotherapist)) Williams; Coline Covington; Jean Knox
_91194855
245 0 _aTerrorism and War
245 0 _bUnconscious Dynamics of Political Violence
260 _bTaylor and Francis
260 _c2002
365 _a
365 _b205
856 _uhttp://www.taylorfrancis.com/books/9780429480942
942 _cEBOOK
999 _c1794401
_d1794401